Worlds coldest countries - Statistics

General Stats
  • This quiz has been taken 20 times
  • The average score is 42 of 50
Answer Stats
Celsius Answer % Correct
-4.03 Canada
100%
+8.90 Denmark
100%
+2.46 Finland
100%
+1.85 Iceland
100%
+7.11 Kazakhstan
100%
+2.21 Norway
100%
-3.79 Russia
100%
+3.23 Sweden
100%
+9.27 Ukraine
100%
+9.24 United kingdom
100%
-3.38 Usa
100%
+15.11 Argentina
94%
+7.44 Austria
94%
+7.45 Belarus
94%
+9.39 Chile
94%
+7.59 China
94%
+6.34 Estonia
94%
+9.59 Germany
94%
+6.87 Latvia
94%
+7.8 Armenia
89%
+12.96 Azerbaijan
89%
+8.60 Czech republic
89%
+9.01 Georgia
89%
+9.73 Ireland
89%
+7.81 Lithuania
89%
+1.07 Mongolia
89%
+6.98 North korea
89%
+8.58 Poland
89%
+11.40 Serbia
89%
+6.47 Switzerland
89%
+3.85 Tajikistan
89%
+13.69 Uzbekistan
89%
+10.38 Bhutan
83%
+11.3 Bulgaria
83%
+2.65 Kyrgyzstan
83%
+10.89 Moldova
83%
+14.17 Nepal
83%
+10.18 Romania
83%
+9.86 Slovenia
83%
+11.96 Croatia
78%
+11.50 Hungary
78%
+10.79 North macedonia
78%
+8.83 Slovakia
78%
+12.22 South korea
78%
+13.37 Afghanistan
72%
+9.93 Montenegro
67%
+12.44 Albania
56%
+11.6 Turkey
39%
+10.35 Bosnia and Hertsegovina
0%
-18.68 Denmark (greenland)
0%
No matching quizzes found
Score Distribution
Percent of People with Each Score
Percentile by Number Answered
Your Score History
You have not taken this quiz